03783cam a22003251 450000100060000000300080000600500170001400800410003102000150007203500190008704000320010604100110013808200280014910000320017724502650020926000360047430000290051050000660053950003080060550002340091350002560114750400390140350518370144265000200327970000260329970000340332570000370335970000220339671000390341829037BD-RjUL20211209051349.0140402s1955 enkac b 001 0 engdd a0876681356 a(BD-RjUL)29122 aDLCcDLCdDLCdBD-RjULbeng1 aengger00a131.3462bFRS V-10 19551 aFreud, Sigmund,d1856-1939.14aThe standard edition of the complete psychological works of Sigmund Freud /cTranslated from the German under the general editorship of James Strachey, in collaboration with Anna Freud, assisted by Alix Strachey and Alan Tyson.nVolume X :pTwo Case Histories  aLondon :bHogarth Press,c1955. a342 p. :bill. ;c22 cm. aVol. 24, indexes and bibliographies, compiled by A. Richards. aSupplemented by: Abstracts of The standard edition of the complete psychological works of Sigmund Freud. Edited by Carrie Lee Rothgeb. Rockville, Md., National Institute of Mental Health; [for sale by the Supt. of Docs., U.S. Govt. Print. Off., Washington, 1971] ix, 180, 47 p. 27 cm. BF173.F6253 Suppl. aSupplemented by: Abstracts of The standard edition of the complete psychological works of Sigmund Freud. Edited by Carrie Lee Rothgeb. New York, International Universities Press [1973] ix, 572, 189 p. 23 cm. BF173.F6253 Suppl. 2. aSupplemented by: Abstracts of The standard edition of the complete psychological works of Sigmund Freud. Edited by Carrie Lee Rothgeb. With an introd. On reading Freud, by Robert R. Holt. New York, J. Aronson [c1973] 315 p. 28 cm. BF173.F6253 Suppl. 3 aIncludes bibliographies. and Index0 av. 1. Pre-psycho-analytic publications and unpublished drafts (1886-1899) -- v. 2. Studies on hysteria / Josef Breuer and Sigmund Freud (1893-1895) -- v. 3. Early psycho-analytic publications (1893-1899) -- v. 4. The interpretation of dreams (first part) (1900) -- v. 5. The interpretation of dreams (second part) and On dreams (1900-1901) -- v. 6. The psychopathology of everyday life (1901) -- v. 7. A case of hysteria, Three essays on sexuality, and Other works (1901-1905) -- v. 8. Jokes and their relation to the unconscious (1905) -- v. 9. Jensen's 'Gradiva' and other works (1906-1908) -- v. 10. Two case histories ('Little Hans' and the 'Rat Man') (1909) -- v. 11. Five lectures on psycho-analysis, Leonardo da Vinci and Other works (1910) -- v. 12. Case history of Schreber, Papers on Technique and Other works (1911-1913) -- v. 13. Totem and taboo and Other works (1913-1914) -- v. 14. On the history of the psycho-analytic movement, Papers on metapsychology and Other works (1914-1916) -- v. 15. Introductory lectures on psycho-analysis (parts I and II) (1915-1916) -- v. 16. Itroductory lectures on psycho-analysis (part III) (1916-1917) -- v. 17. An infantile neurosis and Other works (1917-1919) -- v. 18. Beyond the pleasure principle, Group psychology and Other works (1920-1922) -- v. 19. 1923-1925, The ego and the id and Other works (1923-1925) -- v. 20. An autobiographical study, Inhibitions, symptoms and anxiety, The question of lay analysis and Other works (1925-1926) -- v. 21. The future of an illusion, Civilization and its discontents and Other works (1927-1931) -- v. 22. New introductory lectures on psycho-analysis and Other works (1933-1936) -- v. 23. Moses and monotheism, An outline of psycho-analysis and Other works (1937-1939) -- v. 24. Indexes and bibliographies / compiled by Angela Richards. 0aPsychoanalysis.1 aStrachey, James,eed.1 aFreud, Anna,d1895-1982,eed.1 aRothgeb, Carrie Lee,d1925-eed.1 aRichards, Angela.2 aScientific Literature Corporation.